000
00293nam a22001337a 4500
020
_a
978-184646-927-5
082
_a
823
_b
BAX/J
100
_a
BAXTER, NICOLA
245
_a
JACK AND DIGGER HELPS PUT
260
_a
UK
_b
LADYBIRD
300
_a
28
650
_a
ENGLISH SHORT STORY
_z
UK
942
_c
BK
999
_c
4489
_d
4489